|
|
|
|
| LEADER |
00583nam a22001577a 4500 |
| 020 |
|
|
|a 0120188430
|
| 082 |
|
|
|a 550
|b DMO/AD
|
| 100 |
|
|
|a Dmowska,Renata
|
| 245 |
|
|
|a Advances in Geophysics
|
| 260 |
|
|
|a London
|b Academic
|c 2001
|
| 300 |
|
|
|a 184p.
|b H B
|
| 700 |
|
|
|a Saltzman, Barry
|
| 942 |
|
|
|c BK
|
| 999 |
|
|
|c 1991
|d 1991
|
| 952 |
|
|
|0 0
|1 0
|4 0
|6 550_000000000000000_DMO_AD
|7 0
|8 REF
|9 2855
|a KUFOS
|b KUFOS
|c REF
|d 2016-05-05
|o 550 DMO/AD
|p 18180
|r 2016-05-05
|w 2016-05-05
|y BK
|
| 952 |
|
|
|0 0
|1 0
|4 0
|6 550_000000000000000_DMO_AD
|7 0
|8 REF
|9 2856
|a KUFOS
|b KUFOS
|c REF
|d 2016-05-05
|o 550 DMO/AD
|p 18181
|r 2016-05-05
|w 2016-05-05
|y BK
|